<?xml version="1.0" encoding="UTF-8"?>
<record
    xmlns:xsi="http://www.w3.org/2001/XMLSchema-instance"
    xsi:schemaLocation="http://www.loc.gov/MARC21/slim http://www.loc.gov/standards/marcxml/schema/MARC21slim.xsd"
    xmlns="http://www.loc.gov/MARC21/slim">

  <leader>00476nam a22001697a 4500</leader>
  <controlfield tag="005">20240301105005.0</controlfield>
  <controlfield tag="008">240301b        |||||||| |||| 00| 0 eng d</controlfield>
  <datafield tag="022" ind1=" " ind2=" ">
    <subfield code="a">10233806</subfield>
  </datafield>
  <datafield tag="041" ind1=" " ind2=" ">
    <subfield code="a">English </subfield>
  </datafield>
  <datafield tag="082" ind1=" " ind2=" ">
    <subfield code="a">349 BUT</subfield>
  </datafield>
  <datafield tag="100" ind1=" " ind2=" ">
    <subfield code="l">English </subfield>
  </datafield>
  <datafield tag="245" ind1=" " ind2=" ">
    <subfield code="a">Butterworths Law Reports : Labour Law </subfield>
  </datafield>
  <datafield tag="260" ind1=" " ind2=" ">
    <subfield code="a">Durban : </subfield>
    <subfield code="b">LexisNexis (Pty) Ltd, </subfield>
    <subfield code="c">2008</subfield>
  </datafield>
  <datafield tag="300" ind1=" " ind2=" ">
    <subfield code="b">xx, 95 pages ; </subfield>
    <subfield code="c">25 cm.</subfield>
  </datafield>
  <datafield tag="650" ind1=" " ind2=" ">
    <subfield code="a">Legal practice </subfield>
    <subfield code="b">Law</subfield>
  </datafield>
  <datafield tag="942" ind1=" " ind2=" ">
    <subfield code="c">BK</subfield>
    <subfield code="6">ALISON_BN_VRIES</subfield>
  </datafield>
  <datafield tag="999" ind1=" " ind2=" ">
    <subfield code="c">1398</subfield>
    <subfield code="d">1398</subfield>
  </datafield>
  <datafield tag="952" ind1=" " ind2=" ">
    <subfield code="0">0</subfield>
    <subfield code="1">0</subfield>
    <subfield code="2">ddc</subfield>
    <subfield code="3">January 2008 No 1 </subfield>
    <subfield code="4">0</subfield>
    <subfield code="6">349_000000000000000_BUT</subfield>
    <subfield code="7">0</subfield>
    <subfield code="8">SER</subfield>
    <subfield code="9">2512</subfield>
    <subfield code="a">LSN</subfield>
    <subfield code="b">LSN</subfield>
    <subfield code="c">BLR</subfield>
    <subfield code="d">2024-03-01</subfield>
    <subfield code="l">0</subfield>
    <subfield code="o">349 BUT</subfield>
    <subfield code="p">LSN/2023/520</subfield>
    <subfield code="r">2024-03-01 00:00:00</subfield>
    <subfield code="w">2024-03-01</subfield>
    <subfield code="y">BK</subfield>
  </datafield>
  <datafield tag="952" ind1=" " ind2=" ">
    <subfield code="0">0</subfield>
    <subfield code="1">0</subfield>
    <subfield code="2">ddc</subfield>
    <subfield code="3">February 2008 No 2</subfield>
    <subfield code="4">0</subfield>
    <subfield code="6">349_000000000000000_BUT</subfield>
    <subfield code="7">0</subfield>
    <subfield code="8">SER</subfield>
    <subfield code="9">2513</subfield>
    <subfield code="a">LSN</subfield>
    <subfield code="b">LSN</subfield>
    <subfield code="c">BLR</subfield>
    <subfield code="d">2024-03-01</subfield>
    <subfield code="l">0</subfield>
    <subfield code="o">349 BUT</subfield>
    <subfield code="p">LSN/2023/521</subfield>
    <subfield code="r">2024-03-01 00:00:00</subfield>
    <subfield code="w">2024-03-01</subfield>
    <subfield code="y">BK</subfield>
  </datafield>
  <datafield tag="952" ind1=" " ind2=" ">
    <subfield code="0">0</subfield>
    <subfield code="1">0</subfield>
    <subfield code="2">ddc</subfield>
    <subfield code="3">March 2008 No 3 </subfield>
    <subfield code="4">0</subfield>
    <subfield code="6">349_000000000000000_BUT</subfield>
    <subfield code="7">0</subfield>
    <subfield code="8">SER</subfield>
    <subfield code="9">2514</subfield>
    <subfield code="a">LSN</subfield>
    <subfield code="b">LSN</subfield>
    <subfield code="c">BLR</subfield>
    <subfield code="d">2024-03-01</subfield>
    <subfield code="l">0</subfield>
    <subfield code="o">349 BUT</subfield>
    <subfield code="p">LSN/2023/522</subfield>
    <subfield code="r">2024-03-01 00:00:00</subfield>
    <subfield code="w">2024-03-01</subfield>
    <subfield code="y">BK</subfield>
  </datafield>
  <datafield tag="952" ind1=" " ind2=" ">
    <subfield code="0">0</subfield>
    <subfield code="1">0</subfield>
    <subfield code="2">ddc</subfield>
    <subfield code="3">April 2008 No 4</subfield>
    <subfield code="4">0</subfield>
    <subfield code="6">349_000000000000000_BUT</subfield>
    <subfield code="7">0</subfield>
    <subfield code="8">SER</subfield>
    <subfield code="9">2515</subfield>
    <subfield code="a">LSN</subfield>
    <subfield code="b">LSN</subfield>
    <subfield code="c">BLR</subfield>
    <subfield code="d">2024-03-01</subfield>
    <subfield code="l">0</subfield>
    <subfield code="o">349 BUT </subfield>
    <subfield code="p">LSN/2023/523</subfield>
    <subfield code="r">2024-03-01 00:00:00</subfield>
    <subfield code="w">2024-03-01</subfield>
    <subfield code="y">BK</subfield>
  </datafield>
  <datafield tag="952" ind1=" " ind2=" ">
    <subfield code="0">0</subfield>
    <subfield code="1">0</subfield>
    <subfield code="2">ddc</subfield>
    <subfield code="3">May 2008 No 5 </subfield>
    <subfield code="4">0</subfield>
    <subfield code="6">349_000000000000000_BUT</subfield>
    <subfield code="7">0</subfield>
    <subfield code="8">SER</subfield>
    <subfield code="9">2516</subfield>
    <subfield code="a">LSN</subfield>
    <subfield code="b">LSN</subfield>
    <subfield code="c">BLR</subfield>
    <subfield code="d">2024-03-01</subfield>
    <subfield code="l">0</subfield>
    <subfield code="o">349 BUT</subfield>
    <subfield code="p">LSN/2023/524</subfield>
    <subfield code="r">2024-03-01 00:00:00</subfield>
    <subfield code="w">2024-03-01</subfield>
    <subfield code="y">BK</subfield>
  </datafield>
  <datafield tag="952" ind1=" " ind2=" ">
    <subfield code="0">0</subfield>
    <subfield code="1">0</subfield>
    <subfield code="2">ddc</subfield>
    <subfield code="3">June 2008 No 6 </subfield>
    <subfield code="4">0</subfield>
    <subfield code="6">349_000000000000000_BUT</subfield>
    <subfield code="7">0</subfield>
    <subfield code="8">SER</subfield>
    <subfield code="9">2517</subfield>
    <subfield code="a">LSN</subfield>
    <subfield code="b">LSN</subfield>
    <subfield code="c">BLR</subfield>
    <subfield code="d">2024-03-01</subfield>
    <subfield code="l">0</subfield>
    <subfield code="o">349 BUT</subfield>
    <subfield code="p">LSN/2023/525</subfield>
    <subfield code="r">2024-03-01 00:00:00</subfield>
    <subfield code="w">2024-03-01</subfield>
    <subfield code="y">BK</subfield>
  </datafield>
  <datafield tag="952" ind1=" " ind2=" ">
    <subfield code="0">0</subfield>
    <subfield code="1">0</subfield>
    <subfield code="2">ddc</subfield>
    <subfield code="3">July 2008 No 7 </subfield>
    <subfield code="4">0</subfield>
    <subfield code="6">349_000000000000000_BUT</subfield>
    <subfield code="7">0</subfield>
    <subfield code="8">SER</subfield>
    <subfield code="9">2518</subfield>
    <subfield code="a">LSN</subfield>
    <subfield code="b">LSN</subfield>
    <subfield code="c">BLR</subfield>
    <subfield code="d">2024-03-01</subfield>
    <subfield code="l">0</subfield>
    <subfield code="o">349 BUT</subfield>
    <subfield code="p">LSN/2023/526</subfield>
    <subfield code="r">2024-03-01 00:00:00</subfield>
    <subfield code="w">2024-03-01</subfield>
    <subfield code="y">BK</subfield>
  </datafield>
  <datafield tag="952" ind1=" " ind2=" ">
    <subfield code="0">0</subfield>
    <subfield code="1">0</subfield>
    <subfield code="2">ddc</subfield>
    <subfield code="3">August 2008 No 8</subfield>
    <subfield code="4">0</subfield>
    <subfield code="6">349_000000000000000_BUT</subfield>
    <subfield code="7">0</subfield>
    <subfield code="8">SER</subfield>
    <subfield code="9">2519</subfield>
    <subfield code="a">LSN</subfield>
    <subfield code="b">LSN</subfield>
    <subfield code="c">BLR</subfield>
    <subfield code="d">2024-03-01</subfield>
    <subfield code="l">0</subfield>
    <subfield code="o">349 BUT</subfield>
    <subfield code="p">LSN/2023/527</subfield>
    <subfield code="r">2024-03-01 00:00:00</subfield>
    <subfield code="w">2024-03-01</subfield>
    <subfield code="y">BK</subfield>
  </datafield>
  <datafield tag="952" ind1=" " ind2=" ">
    <subfield code="0">0</subfield>
    <subfield code="1">0</subfield>
    <subfield code="2">ddc</subfield>
    <subfield code="3">September 2008 No 9 </subfield>
    <subfield code="4">0</subfield>
    <subfield code="6">349_000000000000000_BUT</subfield>
    <subfield code="7">0</subfield>
    <subfield code="8">SER</subfield>
    <subfield code="9">2520</subfield>
    <subfield code="a">LSN</subfield>
    <subfield code="b">LSN</subfield>
    <subfield code="c">BLR</subfield>
    <subfield code="d">2024-03-01</subfield>
    <subfield code="l">0</subfield>
    <subfield code="o">349 BUT</subfield>
    <subfield code="p">LSN/2023/528</subfield>
    <subfield code="r">2024-03-01 00:00:00</subfield>
    <subfield code="w">2024-03-01</subfield>
    <subfield code="y">BK</subfield>
  </datafield>
  <datafield tag="952" ind1=" " ind2=" ">
    <subfield code="0">0</subfield>
    <subfield code="1">0</subfield>
    <subfield code="2">ddc</subfield>
    <subfield code="3">October 2008 No 10</subfield>
    <subfield code="4">0</subfield>
    <subfield code="6">349_000000000000000_BUT</subfield>
    <subfield code="7">0</subfield>
    <subfield code="9">2521</subfield>
    <subfield code="a">LSN</subfield>
    <subfield code="b">LSN</subfield>
    <subfield code="d">2024-03-01</subfield>
    <subfield code="l">0</subfield>
    <subfield code="o">349 BUT</subfield>
    <subfield code="p">LSN/2023/529</subfield>
    <subfield code="r">2024-03-01 00:00:00</subfield>
    <subfield code="w">2024-03-01</subfield>
    <subfield code="y">BK</subfield>
  </datafield>
  <datafield tag="952" ind1=" " ind2=" ">
    <subfield code="0">0</subfield>
    <subfield code="1">0</subfield>
    <subfield code="2">ddc</subfield>
    <subfield code="3">November 2008 No 11</subfield>
    <subfield code="4">0</subfield>
    <subfield code="6">349_000000000000000_BUT</subfield>
    <subfield code="7">0</subfield>
    <subfield code="8">SER</subfield>
    <subfield code="9">2522</subfield>
    <subfield code="a">LSN</subfield>
    <subfield code="b">LSN</subfield>
    <subfield code="c">BLR</subfield>
    <subfield code="d">2024-03-01</subfield>
    <subfield code="l">0</subfield>
    <subfield code="o">349 BUT</subfield>
    <subfield code="p">LSN/2023/530</subfield>
    <subfield code="r">2024-03-01 00:00:00</subfield>
    <subfield code="w">2024-03-01</subfield>
    <subfield code="y">BK</subfield>
  </datafield>
  <datafield tag="952" ind1=" " ind2=" ">
    <subfield code="0">0</subfield>
    <subfield code="1">0</subfield>
    <subfield code="2">ddc</subfield>
    <subfield code="3">December 2008 No 12 </subfield>
    <subfield code="4">0</subfield>
    <subfield code="6">349_000000000000000_BUT</subfield>
    <subfield code="7">0</subfield>
    <subfield code="8">SER</subfield>
    <subfield code="9">2523</subfield>
    <subfield code="a">LSN</subfield>
    <subfield code="b">LSN</subfield>
    <subfield code="c">BLR</subfield>
    <subfield code="d">2024-03-01</subfield>
    <subfield code="l">0</subfield>
    <subfield code="o">349 BUT</subfield>
    <subfield code="p">LSN/2023/531</subfield>
    <subfield code="r">2025-04-07 00:00:00</subfield>
    <subfield code="w">2024-03-01</subfield>
    <subfield code="y">BK</subfield>
  </datafield>
</record>
